书目信息 |
| 题名: |
小姐与流氓
|
|
| 作者: | 斯特拉瑟, , 斯特拉瑟 编 ;万燕 译 | |
| 分册: | ||
| 出版信息: | 北京 大世界出版有限公司 1995.10 |
|
| 页数: | 90页 | |
| 开本: | 21cm | |
| 丛书名: | 迪斯尼电影故事 | |
| 单 册: | ||
| 中图分类: | I712.45 | |
| 科图分类: | ||
| 主题词: | 电影文学--dian ying wen xue--故事--美国--现代 | |
| 电子资源: | ||
| ISBN: | 7-80095-019-0 | |
| 000 | 00988nam 2200289 450 | |
| 001 | 010232664828 | |
| 005 | 20081229164323.09 | |
| 010 | @a7-80095-019-0@dCNY9.80 | |
| 100 | @a20050905d1995 km y0chiy0120 ea | |
| 101 | 1 | @achi@ceng |
| 102 | @aCN@b110000 | |
| 105 | @aa z 000ay | |
| 200 | 1 | @a小姐与流氓@Axiao jie yu liu mang@f(美) 斯特拉瑟(T.Strasser)编@F(mei)si te la se(T.Strasser)bian@g万燕译@Gwan yan yi |
| 210 | @a北京@c大世界出版有限公司@d1995.10 | |
| 215 | @a90页@c插图@d21cm | |
| 225 | 2 | @a迪斯尼电影故事@Adi si ni dian ying gu shi@h第三辑 |
| 312 | @a书名原文:Lady and the tramp | |
| 330 | @a本书是世界著名小说。 | |
| 410 | 0 | @12001 @a迪斯尼电影故事 |
| 510 | @aPeter pan@zeng | |
| 606 | 0 | @a电影文学@Adian ying wen xue@x故事@y美国@z现代 |
| 690 | @aI712.45@v4 | |
| 701 | 1 | @a斯特拉瑟,@Asi te la se,@bT.@g(Strasser, T. )@4编 |
| 701 | 0 | @a斯特拉瑟@Asi te la se@bT.Strasser@4编 |
| 702 | 0 | @a万燕@Awan yan@4译 |
| 801 | 0 | @aCN@c20081229 |
| 905 | @dI712.45@eS7094 | |
| 小姐与流氓/(美) 斯特拉瑟(T.Strasser)编/万燕译.-北京:大世界出版有限公司,1995.10 |
| 90页:插图;21cm.-(迪斯尼电影故事.第三辑) |
| ←并列题名:Peter pan |
| ISBN 7-80095-019-0:CNY9.80 |
| 本书是世界著名小说。 |
| ● |
| 相关链接 |
|
|
|
正题名:小姐与流氓
索取号:I712.45/S7094
 
预约/预借
| 序号 | 登录号 | 条形码 | 馆藏地/架位号 | 状态 | 备注 |